A mathematical introduction to fluid mechanics /
Guardado en:
| Autor Principal: | |
|---|---|
| Otros Autores: | |
| Formato: | Libro |
| Idioma: | English |
| Publicado: |
New York :
Springer-Verlag,
c1979.
|
| Series: | Universitext
|
| Materias: | |
| Etiquetas: |
Agregar Etiqueta
Sin Etiquetas, Sea el primero en etiquetar este registro!
|
| LEADER | 00729cam a2200229 a 4500 | ||
|---|---|---|---|
| 001 | MAT.inmabb004744 | ||
| 008 | 790227s1979####nyua#####b####000#0#eng## | ||
| 005 | 20150701155237.0 | ||
| 245 | 1 | 2 | |a A mathematical introduction to fluid mechanics / |c A. J. Chorin and J. E. Marsden. |
| 260 | |a New York : |b Springer-Verlag, |c c1979. | ||
| 300 | |a v, 205 p. : |b il. ; |c 24 cm. | ||
| 440 | 0 | |a Universitext | |
| 504 | |a Incluye referencias bibliográficas. | ||
| 510 | 4 | |a MR, |c 81m:76001 | |
| 020 | |a 0387904069 | ||
| 100 | 1 | |a Chorin, Alexandre Joel. | |
| 700 | 1 | |a Marsden, Jerrold E. | |
| 650 | 0 | |a Fluid mechanics. | |
| 084 | |a 76-02 (35Qxx) |2 msc2000 | ||
| 010 | |a 79010084 | ||
| 040 | |a DLC |c DLC |d DLC | ||
| 859 | |h 76 |i C551m |p A-4964 |b BIB. MATEMATICA | ||
